000 01053nam a2200217Ii 4500
003 JO-AjNU
008 230605s9999||||xx |||||||||||||| ||und||
020 _a1-56564-344-5
040 _aJO-AjNU
_bara
_erda
_cJO-AjNU
041 _aara
050 1 4 _aDR565.S222 2010
100 3 _aصابان، سهيل؛ تحرير ومراجعة عثمان علي,
_eauthor
_952459
245 0 0 _aتطور الأوضاع الثقافية في تركيا من عهد التنظيمات إلى عهد الجمهورية 1839-1990م
250 _aط1
264 3 1 _aالولايات المتحدة الامريكية: المعهد العالمي للفكر الاسلامي، 2010
300 _a551ص
_bيشتمل على ببيلوغرافيا من ص521-544/ يشتمل على جداول
336 _atext
_btxt
_2rdacontent
337 _aunmediated
_bn
_2rdamedia
338 _avolume
_bnc
_2rdacarrier
650 4 _aالثقافة - تركيا - قرون 19-20 - التعليم - تركيا - تاريخ - تركيا - الحياة الفكرية - قرن 20
_952460
999 _aA23239
_c26807
_d26807